000 00536cam a22001938i 4500
001 22891293
005 20250411105605.0
008 221128s2023 nju b 001 0 eng
020 _a9781119779827
040 _cPK-LaUMT
082 0 0 _a616.042
_bMCL-N
100 1 _aMcLaren, Shawn W.
_95282
245 1 0 _aNutrition and global health /
_cby Shawn W. McLaren
260 _aChichester :
_bWiley Blackwell,
_c2023
300 _a244 p.
650 1 2 _aNutritional Physiological Phenomena
650 2 2 _aGlobal Health
_95283
942 _cBK
999 _c137288
_d137288